00722 2200253 4500001002100000005001500021035002000036007000300056008004100059020002200100082000800122084001400130100002600144245010800170250001000278260003700288300003200325650002000357700001800377700001800395504003300413990001100446990001100457INLIS00000000000375820190718090639 a0010-0719000176ta190718 g 0 ind  a978-602-7929-22-7 a920 a920 MUH s0 aMUHAMMAD, Ihsan Fauzi1 a110 Tokoh dengan Ide Gila yang Mendunia /cMuhammad Ihsan Fauzi, Tin Zulaekha; penyunting, Erlina Zachi acet.1 aSurakarta :bVisi Mandiri,c2013 a183 hlm. :bilus. ;c24 cm. 4aTOKOH. BIOGRAFI0 aTIN, Zulaekha0 aERLINA, Zachi aBibliografi : hlm. 182 - 183 a5787 a a5787 b